LEADER 01982nam0 22004693i 450 001 VAN00285704 005 20250401084317.321 017 70$2N$a9789819910878 100 $a20250129d2023 |0itac50 ba 101 $aeng 102 $aSG 105 $a|||| ||||| 181 $ai$b e 182 $ab 183 $acr 200 1 $aOptical Anisotropy of Biological Polycrystalline Networks$eVector-Parametric Diagnostics$fLilia Trifonyuk ... [et al.] 210 $aSingapore$cSpringer$d2023 215 $axv, 93 p.$cill.$d24 cm 410 1$1001VAN00103434$12001 $aSpringerBriefs in applied sciences and technology$1210 $aBerlin [etc.]$cSpringer$d2011- 606 $a92-XX$xBiology and other natural sciences [MSC 2020]$3VANC020839$2MF 606 $a92C05$xBiophysics [MSC 2020]$3VANC020842$2MF 610 $aBiological tissues$9KW:K 610 $aBirefringence of Endometrium$9KW:K 610 $aCircular Birefringence$9KW:K 610 $aFourier-Stocks Polarimetry$9KW:K 610 $aFractal Analysis$9KW:K 610 $aLinear Birefringence$9KW:K 610 $aMueller-Matrix Modeling$9KW:K 610 $aPolarization-Optical Properties$9KW:K 610 $aSpatial-Frequency Filtering$9KW:K 610 $aStockspolarimetry$9KW:K 620 $aSG$dSingapore$3VANL000061 702 1$aTrifonyuk$bLilia$3VANV239652 712 $aSpringer $3VANV108073$4650 801 $aIT$bSOL$c20250404$gRICA 856 4 $uhttps://doi.org/10.1007/978-981-99-1087-8$zE-book ? Accesso al full-text attraverso riconoscimento IP di Ateneo, proxy e/o Shibboleth 899 $aBIBLIOTECA DEL DIPARTIMENTO DI MATEMATICA E FISICA$1IT-CE0120$2VAN08 912 $fN 912 $aVAN00285704 950 $aBIBLIOTECA DEL DIPARTIMENTO DI MATEMATICA E FISICA$d08DLOAD e-Book 10450 $e08eMF10450 20250212 996 $aOptical Anisotropy of Biological Polycrystalline Networks$94310557 997 $aUNICAMPANIA